| 000 | 01821nam a2200241Ia 4500 | ||
|---|---|---|---|
| 003 | OSt | ||
| 005 | 20250205103153.0 | ||
| 008 | 210210b2008 xxu||||| |||| 00| 0 eng d | ||
| 020 | _a8177132237 | ||
| 040 | _cAL | ||
| 041 | _aKannada | ||
| 082 | _a305.895487K KAND | ||
| 100 |
_aKANNADA PUSTAKA PRADHIKARA _dಕನ್ನಡ ಪುಸ್ತಕ ಪ್ರಾಧಿಕಾರ _9197673 |
||
| 245 |
_aDungri garasiya _bಡುಂಗ್ರಿ ಗರಾಸಿಯಾ |
||
| 260 |
_aBengaluru _bKannada Pustaka Pradhikara _c2008 |
||
| 300 | _axxx,193 | ||
| 520 | _aಹಳೇ ಮೈಸೂರು ವ್ಯಾಪ್ತಿಯಲ್ಲಿ ಡುಂಗ್ರಿ ಗುರಾಸಿಯ ಎಂತಲೂ ಬಳ್ಳಾರಿ ಪ್ರದೇಶದಲ್ಲಿ ಗೋಸಂಗಿಗಳು, ಬೆಳಗಾವಿ ವ್ಯಾಪ್ತಿಯಲ್ಲಿ ಗೋಸಾಯಿಗಳು ಎಂದು ಕರೆಯಲ್ಪಡುವ ಒಂದು ಅಲೆಮಾರಿ ಸಮುದಾಯದ ಬಗ್ಗೆ ವಿಸ್ತೃತ ಅಧ್ಯಯನದ ಒಳನೋಟ ಕಟ್ಟಿಕೊಡುವ ಕೃತಿ ಇದು. ಮೂಲತಃ ಗುಜರಾತ್ ಮೂಲದವರು ಎಂದು ಅಂದಾಜಿಸಲಾಗುವ ಈ ಸಮುದಾಯದ ಚರಿತ್ರೆ, ಸಾಹಿತ್ಯ ಮತ್ತು ಭಾಷೆ, ಜೀವನಕ್ರಮ, ಸಾಮಾಜಿಕ ಸ್ಥಿತ್ಯಂತರಗಳ ಕುರಿತು ಆಳ ಅಧ್ಯಯನ ನಡೆಸಿರುವ ಜಗದೀಶ ಕೆ.ಕೆ.ಯವರು ಈ ಕೃತಿಯ ಮೂಲಕ ತಮ್ಮ ಸಂಶೋಧನಾ ವಾಸ್ತವಾಂಶಗಳನ್ನು ಓದುಗರ ಮುಂದಿಟ್ಟಿದ್ದಾರೆ. | ||
| 650 |
_agarasiya _9197674 |
||
| 650 |
_aDungri _9197675 |
||
| 690 |
_aSocial Groups _9197676 |
||
| 906 | _a064392 | ||
| 942 |
_2ddc _cBK |
||
| 999 |
_c116418 _d116418 |
||